Statistiques concernant Pays européens avec un président

Cliquez ici pour prendre le quiz!

Statistiques générales

  • Ce quiz a été pris 158 fois
  • Le résultat moyen est 23 sur 29

Statistiques - réponses

pays président% Correct
France
98%
Italie
91%
Portugal
91%
Lettonie
86%
Estonie
84%
Grece
84%
Lituanie
84%
Roumanie
83%
Albanie
81%
Hongrie
81%
Irlande
81%
Pologne
81%
Russie
81%
Allemagne
80%
Croatie
79%
Finlande
79%
Ukraine
76%
Serbie
75%
Slovaquie
75%
Bulgarie
74%
Republique Tcheque
74%
Slovenie
74%
Montenegro
71%
Islande
69%
Bielorussie
67%
Macedoine
66%
Kosovo
65%
Moldavie
60%
Malte
59%

Distribution des résultats

Percentile par nombre de réponses

% des personnes avec chaque résultat

Votre développement - résultats

Vous n’avez pas pris ce quiz